Система логики силлогистической и индуктивной: Изложение принципов доказательства в связи с методами научного исследования: пер. с анлг.; Кн. I. Имена и предложения; Кн. II. Умозаключение; Кн. III. Индукция; Кн. IV. Вспомогательные для индукции процессы; Кн. V. Заблуждения; Кн. VI. Логика нравственных наук
| Yazar: | |
|---|---|
| Diğer Yazarlar: | |
| Dil: | Rusça |
| Baskı/Yayın Bilgisi: |
Москва, Издание магазина "Книжное дело", 1900
|
| TOC: | Кн. I. Имена и предложения; Кн. II. Умозаключение; Кн. III. Индукция; Кн. IV. Вспомогательные для индукции процессы; Кн. V. Заблуждения; Кн. VI. Логика нравственных наук; |
| Konular: | |
| Materyal Türü: | Kitap |
| KOHA link: | https://koha.lib.tpu.ru/cgi-bin/koha/opac-detail.pl?biblionumber=335030 |
MARC
| LEADER | 00000nam0a2200000 4500 | ||
|---|---|---|---|
| 001 | 335030 | ||
| 005 | 20231102004719.0 | ||
| 035 | |a (RuTPU)RU\TPU\book\361353 | ||
| 090 | |a 335030 | ||
| 100 | |a 20170912d1900 km y0rusy50 ca | ||
| 101 | 1 | |a rus |c eng | |
| 102 | |a RU | ||
| 105 | |a y z 001zy | ||
| 200 | 1 | |a Система логики силлогистической и индуктивной: Изложение принципов доказательства в связи с методами научного исследования |e пер. с анлг. |f Дж. С. Милль |g пер. под ред. В. Н. Ивановского | |
| 210 | |a Москва |c Издание магазина "Книжное дело" |d 1900 | ||
| 215 | |a 781 с. | ||
| 320 | |a Библиогр. в подстроч. прим. | ||
| 464 | |t Кн. I. Имена и предложения | ||
| 464 | |t Кн. II. Умозаключение | ||
| 464 | |t Кн. III. Индукция | ||
| 464 | |t Кн. IV. Вспомогательные для индукции процессы | ||
| 464 | |t Кн. V. Заблуждения | ||
| 464 | |t Кн. VI. Логика нравственных наук | ||
| 606 | |a Логика |2 stltpush |3 (RuTPU)RU\TPU\subj\40551 |9 60396 | ||
| 610 | 1 | |a логика | |
| 610 | 1 | |a индуктивная логика | |
| 610 | 1 | |a имена | |
| 610 | 1 | |a отношения | |
| 610 | 1 | |a сходство | |
| 610 | 1 | |a предложения | |
| 610 | 1 | |a смысл предложений | |
| 610 | 1 | |a умозаключения | |
| 610 | 1 | |a силлогизмы | |
| 610 | 1 | |a индукция | |
| 686 | |a Ю4 |v LBC/SL-A |2 rubbk | ||
| 700 | 1 | |a Милль |b Дж. С. |c английский философ |c экономист |f 1806-1873 |g Джон Стюарт |2 stltpush |3 (RuTPU)RU\TPU\pers\5984 |9 1183 | |
| 702 | 1 | |a Ивановский |b В. Н. |4 730 | |
| 801 | 1 | |a RU |b 63413507 |c 20170912 | |
| 801 | 2 | |a RU |b 63413507 |c 20170912 |g RCR | |
| 942 | |c BK | ||